Loading...
| Current Events | 3 | 13.33 | 100% | 33% | 0% |
| Fine Arts - Classical Music | 7 | 12.86 | 86% | 29% | 14% |
| Fine Arts - Other | 11 | 17.27 | 91% | 55% | 27% |
| Fine Arts - Painting & Sculpture | 11 | 15.45 | 100% | 55% | 0% |
| Geography | 7 | 17.14 | 86% | 71% | 14% |
| History - American | 10 | 11.00 | 80% | 30% | 0% |
| History - European | 5 | 12.00 | 80% | 40% | 0% |
| History - Other | 9 | 12.22 | 89% | 33% | 0% |
| History - World | 6 | 13.33 | 100% | 33% | 0% |
| Literature - American | 10 | 15.00 | 100% | 50% | 0% |
| Literature - British | 7 | 12.86 | 86% | 43% | 0% |
| Literature - European | 6 | 15.00 | 100% | 50% | 0% |
| Literature - World | 11 | 11.82 | 91% | 27% | 0% |
| Mythology | 2 | 20.00 | 100% | 100% | 0% |
| Other Academic | 6 | 13.33 | 83% | 50% | 0% |
| Philosophy | 2 | 10.00 | 50% | 50% | 0% |
| Religion | 6 | 13.33 | 100% | 33% | 0% |
| Science - Biology | 7 | 8.57 | 71% | 14% | 0% |
| Science - Chemistry | 7 | 10.00 | 71% | 29% | 0% |
| Science - Other | 8 | 7.50 | 50% | 25% | 0% |
| Science - Physics | 3 | 10.00 | 100% | 0% | 0% |
| Social Science | 10 | 13.00 | 100% | 30% | 0% |